Proceedings of the 5th. latin american and 3rd. ibero american polymer symposium 1996 : SLAP'96 ("simposio latinoamericano de polímeros 1996") hotel "13 de julio", Mar del Plata, Argentina 2nd.-5th. December, 1996 /

Guardado en:
Autores Corporativos: Simposio Latinoamericano de Polímeros Mar del Plata, Argentina), Consejo Nacional de Investigaciones Científicas y Técnicas (Argentina)
Formato: Libro
Idioma:Spanish
Publicado: Santa Fé, Argentina : CONICET, [1996?]
Materias:
Etiquetas: Agregar Etiqueta
Sin Etiquetas, Sea el primero en etiquetar este registro!
LEADER 01004nam a22001815a 4500
001 EIQ.libpla001161
008 060811s1996####ag#a#####b####101#0#spa#d
005 20060811153043.0
245 1 0 |a Proceedings of the 5th. latin american and 3rd. ibero american polymer symposium 1996 :  |b SLAP'96 ("simposio latinoamericano de polímeros 1996") hotel "13 de julio", Mar del Plata, Argentina 2nd.-5th. December, 1996 /  |c sponsored by Consejo Nacional de Investigaciones Científicas y Técnicas (CONICET) ... [et al.]. 
260 |a Santa Fé, Argentina :  |b CONICET,  |c [1996?] 
300 |a vi, 585 p. :  |b il. ;  |c 29 cm. 
504 |a Incluye referencias bibliográficas e índice. 
111 2 |a Simposio Latinoamericano de Polímeros  |n (5th. :  |d 1996 :  |c Mar del Plata, Argentina) 
710 2 |a Consejo Nacional de Investigaciones Científicas y Técnicas (Argentina) 
650 4 |a Polímeros  |x Congresos. 
650 4 |a Políymers  |x Congresses. 
040 |a AR-BbSID  |b spa  |c AR-BaSiD 
859 |a AR-BbSID  |b BIB. PLAPIQUI  |h 620.192  |i Si 58  |p 5713